00465nam a22001457a 450000500170000000800410001704100130005808200150007110000510008624500620013725000190019926000450021830000300026365000260029320231115095342.0231115b |||||||| |||| 00| 0 eng d aEnglish  a344.4 COR  aGordon, I ; Turner, R and Price, TW lEnglish  aMedical Jurisprudence /cI Gordon, R Turner and TW Price  aThird Edition  aLondon : bE & S Livingstone Ltd, c1953 blv, 944 pages ; c26 cm.  aLegal practice bLaw